[Event "XXV Miedzynarodowy Turniej im. Tadeusza "]
[Site "Police"]
[Date "2010.07.10"]
[Round "4.3"]
[White "Tomczak, Jacek"]
[Black "Nguyen, Piotr"]
[Result "1-0"]
[WhiteElo "2509"]
[BlackElo "2372"]
[PlyCount "115"]
[EventDate "2010.??.??"]

1. e4 c5 2. Nf3 Nc6 3. d4 cxd4 4. Nxd4 g6 5. c4 Bg7 6. Be3 Nf6 7. Nc3 Ng4 8.
Qxg4 Nxd4 9. Qd1 e5 10. Bd3 O-O 11. O-O d6 12. Qd2 Be6 13. Rad1 a6 14. b3 Qb8
15. Bb1 b5 16. cxb5 axb5 17. Bxd4 exd4 18. Ne2 d5 19. Nxd4 Bxd4 20. Qxd4 dxe4
21. Qxe4 Bf5 22. Qe2 Re8 23. Qb2 Bxb1 24. Rxb1 Qa7 25. Ra1 Re6 26. g3 Ra6 27.
Rfe1 h5 28. Re2 Kh7 29. Re5 Rxa2 30. Rxa2 Qxa2 31. Qxa2 Rxa2 32. h4 b4 33. Rb5
f6 34. Kg2 Rc2 35. Rxb4 Rc3 36. Kf1 Rc2 37. Rf4 Rb2 38. Rf3 g5 39. Ke1 g4 40.
Rd3 Kg6 41. f4 gxf3 42. Rxf3 f5 43. Kd1 Kf6 44. Kc1 Rg2 45. b4 Ke5 46. b5 Ke4
47. Rb3 f4 48. gxf4 Kxf4 49. b6 Rg8 50. b7 Rb8 51. Kd2 Ke4 52. Rb4+ Kd5 53. Ke3
Kc6 54. Kf4 Kc7 55. Kg5 Rg8+ 56. Kxh5 Kb8 57. Kh6 Rg3 58. h5 1-0

[Event "XXV Miedzynarodowy Turniej im. Tadeusza "]
[Site "Police"]
[Date "2010.07.10"]
[Round "4.4"]
[White "Malisauskas, Vidmantas"]
[Black "Krysztofiak, Marcin"]
[Result "1/2-1/2"]
[WhiteElo "2516"]
[BlackElo "2436"]
[PlyCount "96"]
[EventDate "2010.??.??"]

1. e4 d6 2. d4 g6 3. Nc3 Bg7 4. Nf3 Nf6 5. Be2 O-O 6. O-O Bg4 7. h3 Bxf3 8.
Bxf3 Nc6 9. Ne2 e5 10. c3 Re8 11. d5 Ne7 12. Qb3 b6 13. Ng3 Kh8 14. c4 a5 15.
Qc2 Neg8 16. b3 Nd7 17. a3 f5 18. Bd2 fxe4 19. Nxe4 Bh6 20. Bg4 Bxd2 21. Bxd7
Qxd7 22. Qxd2 h6 23. b4 Qf5 24. f3 Qf4 25. Qxf4 exf4 26. c5 Re5 27. cxd6 cxd6
28. Nxd6 Rxd5 29. Nc4 Ra6 30. Rad1 Rxd1 31. Rxd1 axb4 32. axb4 Ra4 33. Rb1 b5
34. Nb6 Ra6 35. Nd5 g5 36. Rc1 Nf6 37. Nxf6 Rxf6 38. Rc5 Kg7 39. Rxb5 Rd6 40.
Rb7+ Kg6 41. b5 Kh5 42. Rc7 Rd1+ 43. Kh2 Rb1 44. Rc5 Rb2 45. Rd5 Rb1 46. Rc5
Rb2 47. Kg1 Kh4 48. Kh2 Kh5 1/2-1/2

[Event "XXV Miedzynarodowy Turniej im. Tadeusza "]
[Site "Police"]
[Date "2010.07.10"]
[Round "4.5"]
[White "Ivanov, Mikhail M"]
[Black "Maes, Wim"]
[Result "1-0"]
[WhiteElo "2486"]
[BlackElo "2232"]
[PlyCount "67"]
[EventDate "2010.??.??"]

1. d4 Nf6 2. c4 g6 3. Nc3 Bg7 4. e4 d6 5. Be2 O-O 6. Bg5 Na6 7. Qd2 e5 8. d5
Qe8 9. Bd1 Nc5 10. Bc2 a5 11. Nge2 Nh5 12. Nb5 Qd7 13. O-O-O f5 14. exf5 gxf5
15. f3 Qf7 16. Be3 Nf6 17. h3 Ne8 18. g4 a4 19. Kb1 Kh8 20. Bxc5 dxc5 21. Ng3
e4 22. fxe4 Qf6 23. Nc3 a3 24. exf5 Nd6 25. g5 Qe5 26. f6 Qxg3 27. Rdf1 Bd7 28.
Qe2 Rae8 29. Qh5 Bf5 30. Rxf5 Nxf5 31. Bxf5 Re1+ 32. Rxe1 Qxe1+ 33. Nd1 Bh6 34.
Bc2 1-0

[Event "XXV Miedzynarodowy Turniej im. Tadeusza "]
[Site "Police"]
[Date "2010.07.10"]
[Round "4.7"]
[White "Przedmojski, Rafal"]
[Black "Krivonosov, Oleg"]
[Result "1/2-1/2"]
[WhiteElo "2390"]
[BlackElo "2437"]
[PlyCount "20"]
[EventDate "2010.??.??"]

1. d4 d5 2. c4 e6 3. g3 Nf6 4. Bg2 Be7 5. Nf3 O-O 6. O-O dxc4 7. Qc2 a6 8. Qxc4
b5 9. Qc2 Bb7 10. Bd2 Be4 1/2-1/2

[Event "XXV Miedzynarodowy Turniej im. Tadeusza "]
[Site "Police"]
[Date "2010.07.10"]
[Round "4.8"]
[White "Manik, Mikulas"]
[Black "Okon, Dariusz"]
[Result "1-0"]
[WhiteElo "2441"]
[BlackElo "2192"]
[PlyCount "76"]
[EventDate "2010.??.??"]

1. e4 d5 2. exd5 Qxd5 3. Nc3 Qa5 4. d4 Nf6 5. Nf3 c6 6. Bc4 Bg4 7. h3 Bxf3 8.
Qxf3 e6 9. Bb3 Nbd7 10. Bd2 Qc7 11. g4 h6 12. O-O-O O-O-O 13. h4 Nb6 14. g5
hxg5 15. hxg5 Rxh1 16. Rxh1 Nfd5 17. Ne4 Qd7 18. Rh7 Nc7 19. c3 Nbd5 20. Kb1
Qe8 21. Bc2 Kb8 22. Qg3 Qd7 23. Bc1 Ka8 24. Nc5 Bxc5 25. dxc5 Rg8 26. a3 Ne8
27. Qe5 Qc7 28. Qe4 Qe7 29. c4 Ndc7 30. Qe5 Qd8 31. Rh1 f6 32. Qg3 Rf8 33. gxf6
gxf6 34. Rh7 f5 35. Bh6 f4 36. Qg1 Rf6 37. Bg5 Qd4 38. Bxf6 Qxf6 1-0

[Event "XXV Miedzynarodowy Turniej im. Tadeusza "]
[Site "Police"]
[Date "2010.07.10"]
[Round "4.9"]
[White "Olenderek, Tomasz"]
[Black "Stern, Rene"]
[Result "0-1"]
[WhiteElo "2146"]
[BlackElo "2490"]
[PlyCount "36"]
[EventDate "2010.??.??"]

1. d4 Nf6 2. Nf3 e6 3. Nbd2 d5 4. e3 b6 5. c3 Bb7 6. Bd3 Bd6 7. Qe2 Ne4 8. Nf1
O-O 9. Bd2 Nd7 10. Ng3 c5 11. O-O c4 12. Bc2 f5 13. Be1 Rf6 14. Nd2 Nxg3 15.
hxg3 Rh6 16. f3 Qe8 17. e4 Qh5 18. e5 Nxe5 0-1

[Event "XXV Miedzynarodowy Turniej im. Tadeusza "]
[Site "Police"]
[Date "2010.07.10"]
[Round "4.10"]
[White "Jacek, Krystian"]
[Black "Sopur, Lech"]
[Result "0-1"]
[WhiteElo "2055"]
[BlackElo "2419"]
[PlyCount "72"]
[EventDate "2010.??.??"]

1. e4 c5 2. Nf3 Nc6 3. d4 cxd4 4. Nxd4 Nf6 5. Nc3 e6 6. Ndb5 d6 7. Bf4 e5 8.
Bg5 a6 9. Na3 b5 10. Nd5 Be7 11. Bxf6 Bxf6 12. c3 O-O 13. g3 Bg5 14. Bg2 Ne7
15. O-O Rb8 16. Nc2 Nxd5 17. Qxd5 Be6 18. Qd1 a5 19. Re1 g6 20. Ne3 b4 21. Qd3
bxc3 22. bxc3 Qc7 23. Reb1 Rxb1+ 24. Rxb1 Bxa2 25. Ra1 Bb3 26. Nd5 Qc5 27. h4
Bd8 28. Qe3 Qxe3 29. Nxe3 a4 30. Bf1 Bb6 31. Nd5 Bc5 32. Nf6+ Kg7 33. Nd7 Rd8
34. Bb5 Ba7 35. c4 Bd4 36. Rb1 Ra8 0-1

[Event "XXV Miedzynarodowy Turniej im. Tadeusza "]
[Site "Police"]
[Date "2010.07.10"]
[Round "4.11"]
[White "Kula, Robert"]
[Black "Krasowski, Slawomir"]
[Result "1-0"]
[WhiteElo "2368"]
[BlackElo "1995"]
[PlyCount "161"]
[EventDate "2010.??.??"]

1. d4 Nf6 2. c4 g6 3. Nc3 d5 4. cxd5 Nxd5 5. e4 Nxc3 6. bxc3 c5 7. Bc4 Bg7 8.
Ne2 Nc6 9. Be3 cxd4 10. cxd4 Qa5+ 11. Qd2 Qxd2+ 12. Kxd2 O-O 13. Rhd1 e6 14.
Rac1 Bf6 15. f3 Be7 16. Ke1 Bd7 17. d5 exd5 18. Bxd5 Rfd8 19. Kf2 Kf8 20. g3
Rac8 21. h4 b6 22. h5 Nb4 23. hxg6 hxg6 24. Bb3 Rxc1 25. Bxc1 Bb5 26. Bh6+ Ke8
27. Rxd8+ Bxd8 28. Nc3 Bc6 29. Ke2 b5 30. Be3 a5 31. a4 bxa4 32. Nxa4 Bb5+ 33.
Kd2 Be7 34. Nc3 Bd7 35. Bb6 Nc6 36. Nd5 Bd8 37. Bc5 Be6 38. f4 Nb4 39. Ba4+ Bd7
40. Bxd7+ Kxd7 41. Bxb4 axb4 42. Nxb4 f5 43. Ke3 Ke6 44. Nd3 Bb6+ 45. Kf3 fxe4+
46. Kxe4 Bc7 47. g4 Bb6 48. Ne5 g5 49. fxg5 Bd8 50. Nf3 Bb6 51. Ne5 Bd8 52. g6
Bf6 53. Nf3 Bb2 54. g5 Bc3 55. Nd4+ Ke7 56. Ne2 Bb2 57. Kf5 Kf8 58. Nf4 Kg8 59.
Ne6 Bc3 60. Kg4 Bb2 61. Kh5 Bg7 62. Nf4 Be5 63. Ng2 Bd4 64. Nh4 Bc3 65. Nf5 Bg7
66. Kh4 Bc3 67. Kg4 Bb2 68. Ng3 Bc3 69. Nf5 Bb2 70. Kh5 Bg7 71. Nh6+ Kf8 72.
Ng4 Kg8 73. Nf6+ Kf8 74. Kg4 Bh8 75. Nd7+ Ke7 76. Kh5 Bg7 77. Nc5 Kd6 78. Ne4+
Ke7 79. Kg4 Ke6 80. Ng3 Ke7 81. Nf5+ 1-0

[Event "XXV Miedzynarodowy Turniej im. Tadeusza "]
[Site "Police"]
[Date "2010.07.10"]
[Round "4.13"]
[White "Tokarczyk, Tomasz"]
[Black "Jacek, Roksana"]
[Result "1/2-1/2"]
[WhiteElo "2162"]
[BlackElo "1702"]
[PlyCount "72"]
[EventDate "2010.??.??"]

1. d4 Nf6 2. c4 c5 3. d5 b5 4. cxb5 a6 5. f3 d6 6. e4 g6 7. Nc3 Bg7 8. Bc4 O-O
9. Nge2 Nbd7 10. bxa6 Bxa6 11. Bxa6 Rxa6 12. O-O Qa8 13. Bf4 Rb8 14. Rb1 h6 15.
Qd2 Kh7 16. Rfc1 Ne8 17. b3 Nc7 18. Qc2 Ra3 19. Rd1 Nb5 20. Na4 Nb6 21. Nxb6
Rxb6 22. Rd2 Nd4 23. Qd3 Rxa2 24. Nxd4 Bxd4+ 25. Be3 Rxd2 26. Qxd2 Bxe3+ 27.
Qxe3 Qa2 28. Rf1 Rxb3 29. Qf4 Kg7 30. e5 Rb2 31. exd6 Rxg2+ 32. Kh1 Qe2 33. Rg1
Rxg1+ 34. Kxg1 Qe1+ 35. Kg2 Qe2+ 36. Kg1 Qe1+ 1/2-1/2

[Event "XXV Miedzynarodowy Turniej im. Tadeusza "]
[Site "Police"]
[Date "2010.07.10"]
[Round "4.14"]
[White "Leszner, Liliana"]
[Black "Bieluszewski, Piotr"]
[Result "0-1"]
[WhiteElo "2137"]
[BlackElo "2173"]
[PlyCount "159"]
[EventDate "2010.??.??"]

1. e4 c5 2. Nc3 Nc6 3. g3 g6 4. Bg2 Bg7 5. d3 d6 6. Be3 e6 7. Qd2 Nd4 8. Nd1 e5
9. c3 Nc6 10. Nf3 Nf6 11. h3 Bd7 12. O-O O-O 13. Bg5 Qc8 14. Kh2 Rb8 15. Nh4
Ne8 16. Bh6 f6 17. Bxg7 Nxg7 18. f4 exf4 19. gxf4 Ne7 20. d4 Qc7 21. Nf2 Bb5
22. Rfe1 Rbd8 23. Ng4 b6 24. Qe3 Kh8 25. e5 dxe5 26. fxe5 cxd4 27. cxd4 g5 28.
Nf3 Nd5 29. Qa3 Ne6 30. Rac1 Qb8 31. Qb3 f5 32. Qxb5 fxg4 33. hxg4 Ndf4 34. Qc4
b5 35. Qc3 b4 36. Qd2 Qb6 37. Rc4 a5 38. Kg3 Nxg2 39. Qxg2 Qb7 40. Qe2 Qd5 41.
b3 Rf4 42. Nxg5 Nxd4 43. Qh2 Rf3+ 44. Nxf3 Nxf3 45. Qe2 Nxe1 46. Qxe1 Qd3+ 47.
Kh4 Qg6 48. Qe3 h6 49. Qf4 Kg8 50. Rc7 Rf8 51. Qe3 Re8 52. Rb7 Qc6 53. Ra7 Qh1+
54. Kg3 Rc8 55. Kf4 Qf1+ 56. Ke4 Qb1+ 57. Qd3 Qc1 58. Qd5+ Kh8 59. e6 Qc2+ 60.
Ke5 Rc5 61. e7 Rxd5+ 62. Kxd5 Qd3+ 63. Kc6 Qe4+ 64. Kb6 Qe3+ 65. Ka6 Qd3+ 66.
Kxa5 Qe4 67. Rd7 Qe5+ 68. Kb6 Qb8+ 69. Rb7 Qd6+ 70. Ka7 Qc5+ 71. Kb8 Qe5+ 72.
Kc8 Kg8 73. Kd8 Qd6+ 74. Kc8 Kf7 75. Rd7 Qc6+ 76. Rc7 Qa8+ 77. Kd7 Qg8 78. Rb7
Qxg4+ 79. Kd8 Qg5 80. Kc8 0-1

[Event "XXV Miedzynarodowy Turniej im. Tadeusza "]
[Site "Police"]
[Date "2010.07.10"]
[Round "4.17"]
[White "Korbal, Arkadiusz"]
[Black "Zschaebitz, Klaus"]
[Result "1-0"]
[WhiteElo "2016"]
[BlackElo "2084"]
[PlyCount "121"]
[EventDate "2010.??.??"]

1. d4 Nf6 2. c4 e6 3. Nf3 b6 4. g3 Bb4+ 5. Nbd2 Bb7 6. Bg2 c5 7. a3 Bxd2+ 8.
Qxd2 d6 9. dxc5 bxc5 10. O-O O-O 11. Rd1 Ne4 12. Qc2 Qe7 13. Ng5 Nxg5 14. Bxg5
f6 15. Bxb7 Qxb7 16. Bf4 e5 17. Be3 Qc6 18. Qf5 Rd8 19. Rd2 a5 20. Rad1 Ra6 21.
Qe6+ Kh8 22. h4 Qc7 23. Qf5 Kg8 24. h5 h6 25. Qe6+ Kf8 26. Rd5 Rc6 27. Qf5 Qe7
28. Bd2 Ra6 29. b4 axb4 30. axb4 Nd7 31. b5 Raa8 32. Rd3 Nb6 33. Rc1 Qd7 34.
Qf3 Ra4 35. Rdc3 Ke7 36. g4 Rb8 37. Be3 Qe6 38. Qe4 Nd7 39. f3 Rxb5 40. Qg6
Rbb4 41. Qxg7+ Qf7 42. Qxh6 Ra8 43. g5 fxg5 44. Bxg5+ Nf6 45. Kf2 Rbb8 46. Rd3
Rf8 47. Rb1 Ra7 48. Rb6 Rd7 49. Rd5 Ke6 50. f4 Kf5 51. Qxf6+ Qxf6 52. Bxf6 Rxf6
53. Kf3 Ke6 54. Rxe5+ Kf7 55. Rd5 Ke7 56. e3 Ra7 57. Rg5 Ra4 58. Rg7+ Ke6 59.
Rg6 Rxg6 60. hxg6 Rxc4 61. Rxd6+ 1-0

[Event "XXV Miedzynarodowy Turniej im. Tadeusza "]
[Site "Police"]
[Date "2010.07.10"]
[Round "4.18"]
[White "Oleniak, Wlodzimierz"]
[Black "Maliszewski, Jaroslaw"]
[Result "1-0"]
[WhiteElo "1848"]
[BlackElo "1871"]
[PlyCount "67"]
[EventDate "2010.??.??"]

1. d4 f5 2. c4 Nf6 3. Nc3 e6 4. Nf3 b6 5. Bf4 Bb7 6. a3 Be7 7. e3 O-O 8. Be2 h6
9. d5 exd5 10. cxd5 d6 11. Bc4 Nh5 12. Nd4 Nxf4 13. exf4 Bc8 14. O-O Bf6 15.
Ne6 Bxe6 16. dxe6 Kh7 17. Qd5 c6 18. Qxf5+ g6 19. Qh3 Bxc3 20. bxc3 Rxf4 21.
Bd3 a5 22. Qe3 Rf6 23. f4 c5 24. e7 Qe8 25. g4 Nc6 26. Rae1 Ra7 27. Bb5 d5 28.
Bxc6 Rxc6 29. f5 Rf6 30. Qe5 Rf7 31. fxg6+ Kxg6 32. Qh5+ Kg7 33. Rxf7+ Qxf7 34.
e8=Q 1-0

[Event "XXV Miedzynarodowy Turniej im. Tadeusza "]
[Site "Police"]
[Date "2010.07.10"]
[Round "4.19"]
[White "Aglave, Arnaud"]
[Black "Metelski, Jerzy"]
[Result "1-0"]
[WhiteElo "2086"]
[BlackElo "1824"]
[PlyCount "43"]
[EventDate "2010.??.??"]

1. c4 e5 2. g3 Nf6 3. Bg2 d5 4. cxd5 Nxd5 5. Nf3 Nc6 6. O-O Be6 7. d4 exd4 8.
Nxd4 Nxd4 9. Qxd4 c6 10. a3 Nf6 11. Qa4 Be7 12. Nc3 O-O 13. e4 Qc8 14. Rd1 Bh3
15. e5 Ne8 16. Be4 Nc7 17. Qc2 h5 18. Be3 h4 19. f4 hxg3 20. hxg3 Qg4 21. Qh2
Bh4 22. Kf2 1-0

[Event "XXV Miedzynarodowy Turniej im. Tadeusza "]
[Site "Police"]
[Date "2010.07.10"]
[Round "5.1"]
[White "Grabarczyk, Miroslaw"]
[Black "Shishkin, Vadim"]
[Result "1/2-1/2"]
[WhiteElo "2456"]
[BlackElo "2471"]
[PlyCount "21"]
[EventDate "2010.??.??"]

1. d4 Nf6 2. c4 g6 3. Nf3 Bg7 4. Nc3 d5 5. Bg5 Ne4 6. cxd5 Nxg5 7. Nxg5 e6 8.
Nf3 exd5 9. e3 a5 10. Be2 O-O 11. O-O 1/2-1/2

[Event "XXV Miedzynarodowy Turniej im. Tadeusza "]
[Site "Police"]
[Date "2010.07.10"]
[Round "5.2"]
[White "Tomczak, Jacek"]
[Black "Urban, Klaudiusz"]
[Result "1/2-1/2"]
[WhiteElo "2509"]
[BlackElo "2478"]
[PlyCount "41"]
[EventDate "2010.??.??"]

1. e4 e5 2. Nf3 Nf6 3. d4 Nxe4 4. Bd3 d5 5. dxe5 Nc5 6. Nc3 c6 7. Nd4 Be7 8.
Bf5 g6 9. Bxc8 Qxc8 10. Bh6 Ne6 11. O-O Na6 12. a3 Nac7 13. Nde2 Qd7 14. f4 f5
15. exf6 Bxf6 16. f5 gxf5 17. Rxf5 Bg7 18. Qd2 O-O-O 19. Raf1 Rhf8 20. Ng3 Rxf5
21. Nxf5 1/2-1/2

[Event "XXV Miedzynarodowy Turniej im. Tadeusza "]
[Site "Police"]
[Date "2010.07.10"]
[Round "5.3"]
[White "Hnydiuk, Aleksander"]
[Black "Ivanov, Mikhail M"]
[Result "1/2-1/2"]
[WhiteElo "2445"]
[BlackElo "2486"]
[PlyCount "28"]
[EventDate "2010.??.??"]

1. e4 e5 2. Nf3 Nc6 3. d4 exd4 4. Nxd4 Bc5 5. Nxc6 Qf6 6. Qf3 bxc6 7. Nd2 d6 8.
Nb3 Bb6 9. Bd2 Qxf3 10. gxf3 Ne7 11. Rg1 O-O 12. a4 a5 13. Be3 Bxe3 14. fxe3
Bb7 1/2-1/2

[Event "XXV Miedzynarodowy Turniej im. Tadeusza "]
[Site "Police"]
[Date "2010.07.10"]
[Round "5.4"]
[White "Sopur, Lech"]
[Black "Malisauskas, Vidmantas"]
[Result "0-1"]
[WhiteElo "2419"]
[BlackElo "2516"]
[PlyCount "90"]
[EventDate "2010.??.??"]

1. Nf3 c5 2. b3 d5 3. Bb2 f6 4. e4 dxe4 5. Nh4 Nh6 6. Nc3 e5 7. Nxe4 Be6 8.
Bb5+ Nc6 9. Qh5+ Bf7 10. Qf3 Rc8 11. g4 a6 12. Bxc6+ Rxc6 13. d3 Be7 14. Bc1 g5
15. Nf5 Nxf5 16. gxf5 h5 17. h4 g4 18. Qe2 Qd7 19. Ng3 Bd5 20. O-O Bf3 21. Qd2
Bf8 22. Re1 Kf7 23. Qa5 Bd6 24. Be3 Re8 25. Qd2 Bc7 26. a4 b6 27. Qc3 Bd5 28.
Rab1 Bd6 29. Bc1 Rcc8 30. Re4 Be7 31. Qe1 Red8 32. Bb2 Bxe4 33. Qxe4 Qd5 34.
Qc4 Qxc4 35. bxc4 b5 36. axb5 axb5 37. cxb5 c4 38. Bc1 cxd3 39. cxd3 Bc5 40.
Kf1 Rxd3 41. Ke2 Rd7 42. Ne4 Bb6 43. Ba3 Rc2+ 44. Ke1 Rd3 45. Bb4 g3 0-1

[Event "XXV Miedzynarodowy Turniej im. Tadeusza "]
[Site "Police"]
[Date "2010.07.10"]
[Round "5.5"]
[White "Stern, Rene"]
[Black "Przedmojski, Rafal"]
[Result "1-0"]
[WhiteElo "2490"]
[BlackElo "2390"]
[PlyCount "93"]
[EventDate "2010.??.??"]

1. d4 f5 2. Nc3 d5 3. Bf4 e6 4. e3 a6 5. Nf3 Nf6 6. Bd3 Bd6 7. O-O O-O 8. Ne2
b6 9. c4 Bb7 10. Rc1 Nc6 11. Bxd6 Qxd6 12. c5 bxc5 13. Rxc5 Nd7 14. Rc3 e5 15.
dxe5 Ncxe5 16. Nxe5 Qxe5 17. Qa4 Qd6 18. Qf4 Ne5 19. Nd4 g6 20. Rfc1 Rf7 21.
Be2 Re8 22. a3 Ree7 23. h3 Qf6 24. Nf3 Nxf3+ 25. Bxf3 g5 26. Qd4 Qd6 27. Rc5 c6
28. b4 Rg7 29. Rxc6 Bxc6 30. Rxc6 Qxc6 31. Bxd5+ Qxd5 32. Qxd5+ Rgf7 33. Qa8+
Kg7 34. Qxa6 Rf6 35. Qd3 f4 36. b5 fxe3 37. fxe3 Ree6 38. a4 Rd6 39. Qb3 Rd2
40. a5 Rff2 41. Qc3+ Kf7 42. Qc7+ Kg6 43. Qc6+ Rf6 44. Qe4+ Kh6 45. b6 Rb2 46.
b7 Ra6 47. Qd3 1-0

[Event "XXV Miedzynarodowy Turniej im. Tadeusza "]
[Site "Police"]
[Date "2010.07.10"]
[Round "5.6"]
[White "Koziak, Vitali"]
[Black "Nguyen, Piotr"]
[Result "1-0"]
[WhiteElo "2470"]
[BlackElo "2372"]
[PlyCount "67"]
[EventDate "2010.??.??"]

1. e4 d6 2. d4 g6 3. Nc3 Bg7 4. f4 a6 5. Nf3 b5 6. Bd3 Bb7 7. O-O Nd7 8. e5 e6
9. Ne4 Bxe4 10. Bxe4 d5 11. Bd3 c5 12. c3 Ne7 13. Be3 c4 14. Bc2 Qb6 15. Qe2
O-O 16. a3 a5 17. Rae1 b4 18. Bc1 bxa3 19. bxa3 a4 20. g4 Qa5 21. Bd2 Ra6 22.
f5 exf5 23. gxf5 gxf5 24. Nh4 Rb8 25. Nxf5 Nxf5 26. Bxf5 Nf8 27. Qh5 Rb7 28.
Rf3 Rg6+ 29. Bxg6 hxg6 30. Qh4 Ne6 31. Rh3 Rb3 32. Rf1 Qd8 33. Qh7+ Kf8 34. Bh6
1-0

[Event "XXV Miedzynarodowy Turniej im. Tadeusza "]
[Site "Police"]
[Date "2010.07.10"]
[Round "5.8"]
[White "Krivonosov, Oleg"]
[Black "Kula, Robert"]
[Result "1/2-1/2"]
[WhiteElo "2437"]
[BlackElo "2368"]
[PlyCount "37"]
[EventDate "2010.??.??"]

1. Nf3 d5 2. d4 Nf6 3. c4 c6 4. cxd5 cxd5 5. Nc3 Nc6 6. Bf4 e6 7. e3 a6 8. Bd3
Be7 9. h3 O-O 10. O-O Bd7 11. Rc1 Rc8 12. Ne5 Nxe5 13. Bxe5 Bc6 14. Qe2 Ne4 15.
f3 Nxc3 16. Rxc3 Bb4 17. Rc2 Ba4 18. b3 Bc6 19. Rfc1 1/2-1/2

[Event "XXV Miedzynarodowy Turniej im. Tadeusza "]
[Site "Police"]
[Date "2010.07.10"]
[Round "5.9"]
[White "Graf, Pawel"]
[Black "Maes, Wim"]
[Result "0-1"]
[WhiteElo "2137"]
[BlackElo "2232"]
[PlyCount "78"]
[EventDate "2010.??.??"]

1. e4 c5 2. Nf3 e6 3. d4 cxd4 4. Nxd4 a6 5. g3 Nf6 6. Bg2 Qc7 7. O-O Be7 8. Nc3
d6 9. Be3 O-O 10. a4 Nc6 11. Qe2 Bd7 12. Nxc6 Bxc6 13. a5 Rac8 14. Rfd1 Rfe8
15. Bb6 Qb8 16. f4 Nd7 17. Bf2 Bf8 18. Na4 Bb5 19. Qd2 Qc7 20. Rdc1 Nf6 21. Nb6
Rcd8 22. c4 Bc6 23. Nd5 Qb8 24. Nxf6+ gxf6 25. b4 f5 26. exf5 exf5 27. Bd5 Bxd5
28. Qxd5 Re4 29. Qxf5 Rde8 30. b5 Qc8 31. Qd5 Bg7 32. Rab1 Qg4 33. bxa6 bxa6
34. Rb7 Rxf4 35. Rf1 Rf5 36. Qc6 Qe2 37. Rbb1 Rxf2 38. Rfe1 Rg2+ 39. Qxg2 Bd4+
0-1

[Event "XXV Miedzynarodowy Turniej im. Tadeusza "]
[Site "Police"]
[Date "2010.07.10"]
[Round "5.10"]
[White "Maniocha, Andrzej"]
[Black "Tokarczyk, Tomasz"]
[Result "0-1"]
[WhiteElo "2211"]
[BlackElo "2162"]
[PlyCount "160"]
[EventDate "2010.??.??"]

1. c4 c6 2. e4 d5 3. exd5 cxd5 4. cxd5 Nf6 5. Nc3 Nxd5 6. Nf3 Nxc3 7. bxc3 g6
8. Qa4+ Nc6 9. h4 Bd7 10. Rb1 Qc7 11. h5 Bg7 12. Ba3 Nd4 13. Qd1 Nxf3+ 14. Qxf3
Qe5+ 15. Qe3 O-O-O 16. Rh4 Bc6 17. Bc5 b6 18. Bd4 Qxe3+ 19. Bxe3 e5 20. Rc4 Kb7
21. a4 Rd5 22. g4 f5 23. h6 Bf6 24. g5 Bd8 25. Bg2 Rd6 26. Bxc6+ Rxc6 27. Rxc6
Kxc6 28. f4 exf4 29. Bxf4 Re8+ 30. Kf2 Re4 31. Kf3 Rxa4 32. Re1 Kd7 33. Re3 Be7
34. Rd3+ Ke6 35. Re3+ Re4 36. Rxe4+ fxe4+ 37. Kxe4 b5 38. d4 a5 39. d5+ Kd7 40.
Kd3 a4 41. Kc2 Bd6 42. Bd2 Be5 43. Kd3 a3 44. Kc2 a2 45. Kb2 b4 46. Kxa2 bxc3
47. Bc1 Kd6 48. Kb3 Kxd5 49. Ba3 Ke4 50. Kc2 Kf5 51. Be7 Ke6 52. Bd8 Kd7 53.
Ba5 Bf4 54. Bxc3 Bxg5 55. Bg7 Ke6 56. Kd3 Kf7 57. Bd4 Bxh6 58. Ke4 Ke6 59. Bc5
Bg7 60. Be3 Be5 61. Bh6 Kf6 62. Bd2 Bd6 63. Bh6 Bb4 64. Be3 Bf8 65. Bd2 h6 66.
Be3 g5 67. Bd2 Kg6 68. Be3 Be7 69. Bd2 Bd8 70. Be3 Bc7 71. Bd2 g4 72. Be3 h5
73. Bf2 Kg5 74. Bc5 h4 75. Ke3 Bg3 76. Ke2 Kf5 77. Be7 Ke4 78. Bf6 h3 79. Kf1
Kf3 80. Kg1 Bf2+ 0-1

[Event "XXV Miedzynarodowy Turniej im. Tadeusza "]
[Site "Police"]
[Date "2010.07.10"]
[Round "5.13"]
[White "Korbal, Arkadiusz"]
[Black "Kostyra, Mariusz"]
[Result "1-0"]
[WhiteElo "2016"]
[BlackElo "2181"]
[PlyCount "43"]
[EventDate "2010.??.??"]

1. d4 Nf6 2. c4 g6 3. Nc3 Bg7 4. e4 O-O 5. Nf3 d6 6. Be2 e5 7. O-O Nc6 8. d5
Ne7 9. b4 Nh5 10. g3 f5 11. Ng5 Nf6 12. Bf3 h6 13. Ne6 Bxe6 14. dxe6 fxe4 15.
Nxe4 Qc8 16. Be3 Nxe4 17. Bxe4 Qxe6 18. Bxb7 Qxc4 19. Bxa8 Rxa8 20. Rc1 Qxb4
21. Rxc7 Kf8 22. Qf3+ 1-0

[Event "XXV Miedzynarodowy Turniej im. Tadeusza "]
[Site "Police"]
[Date "2010.07.10"]
[Round "5.14"]
[White "Pawlicz, Adam"]
[Black "Olenderek, Tomasz"]
[Result "1-0"]
[WhiteElo "2039"]
[BlackElo "2146"]
[PlyCount "71"]
[EventDate "2010.??.??"]

1. e4 d5 2. exd5 Nf6 3. c4 e6 4. dxe6 Bxe6 5. d4 Bb4+ 6. Bd2 Qe7 7. Qe2 Nc6 8.
Nf3 O-O-O 9. d5 Rhe8 10. Nc3 Bxd5 11. cxd5 Qc5 12. dxc6 Bxc3 13. Bxc3 Ng4 14.
cxb7+ Kb8 15. Nd4 Rxe2+ 16. Bxe2 Rxd4 17. Bxd4 Qxd4 18. O-O Nxh2 19. Rad1 Qh4
20. Rfe1 Ng4 21. Bxg4 Qxg4 22. Rd3 Kxb7 23. Re7 Qf4 24. Rc3 Kb6 25. g3 Qd6 26.
Rxf7 Qd1+ 27. Kg2 Qd5+ 28. Rcf3 g5 29. R7f5 Qxa2 30. b3 g4 31. Re3 Qc2 32. Rf4
h5 33. Rb4+ Ka5 34. Rc4 Qh7 35. Re8 Qf7 36. Rb8 1-0

[Event "XXV Miedzynarodowy Turniej im. Tadeusza "]
[Site "Police"]
[Date "2010.07.10"]
[Round "5.15"]
[White "Krasowski, Slawomir"]
[Black "Radwan, Leszek"]
[Result "1/2-1/2"]
[WhiteElo "1995"]
[BlackElo "2138"]
[PlyCount "28"]
[EventDate "2010.??.??"]

1. e4 c5 2. Nf3 d6 3. d4 cxd4 4. Nxd4 Nf6 5. Nc3 a6 6. a4 e6 7. Be3 Be7 8. g3
Nc6 9. Bg2 Bd7 10. O-O O-O 11. Qd2 Qc7 12. f4 Nxd4 13. Bxd4 e5 14. Bf2 Bc6
1/2-1/2

[Event "XXV Miedzynarodowy Turniej im. Tadeusza "]
[Site "Police"]
[Date "2010.07.10"]
[Round "5.16"]
[White "Oleniak, Wlodzimierz"]
[Black "Jacek, Krystian"]
[Result "0-1"]
[WhiteElo "1848"]
[BlackElo "2055"]
[PlyCount "78"]
[EventDate "2010.??.??"]

1. d4 Nf6 2. c4 g6 3. Nc3 Bg7 4. Nf3 O-O 5. e4 d6 6. Be2 e5 7. Bg5 exd4 8. Nxd4
h6 9. Be3 Re8 10. f3 c6 11. Qd2 Kh7 12. Rd1 Qe7 13. Bf2 Na6 14. O-O Nc7 15.
Rfe1 Rd8 16. Bd3 Qf8 17. Bc2 Ne6 18. Nde2 b6 19. f4 Bb7 20. f5 Nc7 21. fxg6+
fxg6 22. Nf4 Ng4 23. Bg3 Ne5 24. b3 Qe7 25. Nce2 Rd7 26. Nd3 Rad8 27. Nef4 h5
28. h3 Bh6 29. Qe2 Bg7 30. Rd2 b5 31. Bd1 bxc4 32. Nxe5 Bxe5 33. Nxg6 Kxg6 34.
Qxh5+ Kg7 35. Qg4+ Kh8 36. Bh4 Qg7 37. Qxg7+ Kxg7 38. Bxd8 Rxd8 39. bxc4 Bc3
0-1

[Event "XXV Miedzynarodowy Turniej im. Tadeusza "]
[Site "Police"]
[Date "2010.07.10"]
[Round "5.17"]
[White "Aglave, Arnaud"]
[Black "Leszner, Liliana"]
[Result "1-0"]
[WhiteElo "2086"]
[BlackElo "2137"]
[PlyCount "65"]
[EventDate "2010.??.??"]

1. c4 Nf6 2. g3 g6 3. Bg2 Bg7 4. Nc3 c6 5. e4 d6 6. Nge2 O-O 7. O-O e5 8. d3
Be6 9. h3 Na6 10. f4 Qc8 11. g4 exf4 12. Bxf4 Ne8 13. Qd2 h5 14. gxh5 Bxh3 15.
Ng3 Nc5 16. d4 Bxg2 17. Kxg2 Ne6 18. Bh6 Qd8 19. hxg6 fxg6 20. Rxf8+ Bxf8 21.
Rf1 N8g7 22. d5 Nc5 23. b4 Nd7 24. dxc6 bxc6 25. b5 Qb6 26. Nd5 Qc5 27. bxc6
Qxc6 28. Rxf8+ Kxf8 29. Qf4+ Ke8 30. Qg5 Nf6 31. Qxf6 Qb7 32. Bxg7 Rc8 33. Qe6+
1-0

[Event "XXV Miedzynarodowy Turniej im. Tadeusza "]
[Site "Police"]
[Date "2010.07.10"]
[Round "5.18"]
[White "Metelski, Jerzy"]
[Black "Buczak, Krzysztof"]
[Result "0-1"]
[WhiteElo "1824"]
[BlackElo "2153"]
[PlyCount "78"]
[EventDate "2010.??.??"]

1. c4 e5 2. Nc3 Nf6 3. Nf3 Nc6 4. d4 exd4 5. Nxd4 Bc5 6. Nb3 Bb4 7. Bd2 O-O 8.
Nd5 Bxd2+ 9. Qxd2 d6 10. e3 a5 11. a3 a4 12. Nd4 Ne4 13. Qc2 Nxd4 14. exd4 c6
15. Ne3 Qa5+ 16. Kd1 Re8 17. Bd3 Nf6 18. h3 Qg5 19. Kd2 Qf4 20. Rhf1 Qxd4 21.
Rae1 d5 22. Kc1 Be6 23. Kb1 dxc4 24. Bxc4 Bxc4 25. Nxc4 b5 26. Rxe8+ Rxe8 27.
Na5 c5 28. f3 Qe5 29. Rd1 Qc7 30. Qd2 h6 31. b4 axb3 32. Nxb3 Ra8 33. Kb2 c4
34. Nd4 Nd5 35. Nxb5 c3+ 36. Nxc3 Rb8+ 37. Kc2 Rc8 38. Qxd5 Qxc3+ 39. Kb1 Rb8+
0-1